LIBRARY & INFORMATION CENTRE, KCAET, TAVANUR

ONLINE PUBLIC ACCESS CATALOGUE (OPAC)

Introduction to the properties of engineering materials / (Record no. 1824)

MARC details
000 -LEADER
fixed length control field 00482cam a2200181ua 4500
020 ## - INTERNATIONAL STANDARD BOOK NUMBER
ISBN 0 442 30232 0
041 ## - LANGUAGE CODE
Language code of text/sound track or separate title eng
082 ## - DEWEY DECIMAL CLASSIFICATION NUMBER
Classification number 691
Item number PAS/IN
100 ## - MAIN ENTRY--AUTHOR NAME
Personal name Pascoe, K.J .
245 ## - TITLE STATEMENT
Title Introduction to the properties of engineering materials /
250 ## - EDITION STATEMENT
Edition statement 3 /
260 ## - PUBLICATION, DISTRIBUTION, ETC. (IMPRINT)
Place of publication :
Name of publisher English Language Book Society ,
Year of publication 1978.
300 ## - PHYSICAL DESCRIPTION
Number of Pages 439 ; .
942 ## - ADDED ENTRY ELEMENTS (KOHA)
Koha item type Books
Holdings
Withdrawn status Lost status Damaged status Home library Current library Date acquired Full call number Accession Number Koha item type
      KAUAET KAUAET 20/08/1986 691 15466 Books
free website counter